000 01146 a2200229 4500
003 Nust
005 20221116102014.0
010 _a 2002276271
020 _a0201180758
040 _cNust
082 0 0 _a621.367,GON
100 1 _aGonzalez, Rafael C.
245 1 0 _aDigital image processing /
_cRafael C. Gonzalez, Richard E. Woods.
250 _a2nd ed.
260 _aUpper Saddle River, N.J. :
_bPrentice Hall,
_cc2002.
300 _axx, 793 p. :
_bill. ;
_c25 cm.
505 _aIntroduction (Page-1), Digital Image Fundamentals (Page-34), Image Enhancement in the Spatial Domain (Page-75), Image Enhancement in the Frequency Domain (Page-147), Image Restoration (Page-220), Color Image Processing (Page-282), Wavelets and Multiresolution Processing (Page-349), Image Compression (Page-409), Morphological Image Processing (Page-519), Image Segmentation (Page-567), Representation and Description (Page-643), Object Recognition (Page-693).
650 0 _aTelecommunication Engineering.
700 1 _aWoods, Richard E.
_d1954-
_996527
856 4 1 _3Table of contents
_uhttp://www.loc.gov/catdir/toc/fy031/2002276271.html
942 _2ddc
_cBK
999 _c175580
_d175580